000 00963nam0a22002531 4500
001 rc\2815728
005 20250806211118.0
035 _a(NLR Aleph) 006941472
090 _a39601
_c39601
100 _a20110915d1945 u y0rusy50 ca
101 0 _arus
102 _aRU
105 _aa z |||||
200 1 _aПротивопожарная памятка для частей и учреждений Красной Армии
_fИнспекция пожарной охраны Красной Армии
210 _aМосква
_cВоен. изд-во
_d1945
_gтип. им. Тимошенко
215 _a39 с.
_cил., черт.
_d14 см.
712 0 1 _aСССР
_bИнспекция пожарной охраны Красной Армии
801 0 _aRU
_bNLR
_gpsbo
801 1 _aRU
_bELAR
_2rusmarc
852 _aNLR
_jВ40 Г-2/686
942 _cBOOK
945 _aРоссийская национальная библиотека
980 _aNB
980 _aBV